Löcse Fötér városházzal

Zobrazenie: Pohľad na námestie s radnicou pred ňou stojí 6 ľudí

Bibliographic Details
Format: Postcard
Language:Hungarian
German
PhysicalDescription:1 pohľadnica kolorovaná 9 x 14 cm
Published: Leipzig Dr Trenkler Co. 1906
Subjects:

MARC

LEADER 00000ckm a2200000 a 4500
001 vtls011773463
003 SK-MaSNL
005 20260512125255.0
007 kp co
008 230706s1906 gw g kuhun
015 |a SNBG1906 
035 |a urn:nbn:sk:snk-km00dmo9 
035 |a urn:nbn:sk:snk-km3m0ky 
035 |a 65ACBB39-0059-416D-96D4-4F9AF798E0F5 
040 |a SNK  |b slo  |c SNK  |e AACR2 
041 0 |a hun  |a ger 
043 |a e-xo--- 
044 |a gw  |c DE 
072 7 |a 913  |x Regionálna geografia  |2 konspekt 
080 |a 913(437.6)  |2 2011 
080 |a (084.121)  |2 2011 
080 |a 711.61  |2 2011 
080 |a 725.1:352  |2 2011 
245 0 0 |a Löcse  |h grafika  |b Fötér városházzal 
246 3 1 |a Löcse  |b Hauptplatz mit Rathaus 
260 |a Leipzig  |b Dr Trenkler Co.  |c 1906 
300 |a 1 pohľadnica  |b kolorovaná  |c 9 x 14 cm 
520 8 |a Zobrazenie: Pohľad na námestie s radnicou pred ňou stojí 6 ľudí 
546 |a Súbežný podnázov v nemčine 
650 0 7 |a námestia  |2 SNKPH  |9 26291 
650 0 7 |a radnice  |2 SNKPH  |9 27759 
651 7 |a Levoča (Slovensko)  |2 SNKPH  |9 26696 
655 7 |a miestne pohľadnice  |2 SNKPH  |9 70510 
655 7 |a historické pohľadnice  |2 SNKPH  |9 159703 
752 |a Nemecko  |d Lipsko 
852 |a Slovenská národná knižnica 
958 |a GBN 
958 |a GC 
958 |a ONDV 
999 |c 1028566  |d 1030496 
952 |a SNK  |b SNK  |y PREZ  |7 0  |p 17A1232205  |o snkSP 17056  |z Pohľadnica prešla poštou.  |0 0  |1 0  |4 0  |d 2018-08-20  |f 1  |l 0  |r 2026-02-24 13:46:26  |w 2026-02-24